LEADER 02338nam0 22004693i 450 001 VAN0164458 005 20230614030958.546 017 70$2N$a9783319434643 100 $a20210623d2016 |0itac50 ba 101 $aeng 102 $aCH 105 $a|||| ||||| 200 1 $aMulti-species Systems in Optical Lattices$efrom Orbital Physics in Excited Bands to Effects of Disorder$eDoctoral Thesis accepted by Stockholm University, Sweden$fFernanda Pinheiro 210 $aCham$cSpringer$d2016 215 $axvi, 126 p.$cill.$d24 cm 410 1$1001VAN0104193$12001 $aSpringer theses$erecognizing outstanding Ph.D. research$1210 $aBerlin$cSpringer$d2010- 500 1$3VAN0164459$aMulti-species Systems in Optical Lattices : from Orbital Physics in Excited Bands to Effects of Disorder$91808146 606 $a81-XX$xQuantum theory [MSC 2020]$3VANC019967$2MF 606 $a80-XX$xClassical thermodynamics, heat transfer [MSC 2020]$3VANC022357$2MF 606 $a00A79 (77-XX)$xPhysics [MSC 2020]$3VANC023182$2MF 606 $a81V80$xQuantum optics [MSC 2020]$3VANC023592$2MF 606 $a78A60$xLasers, masers, optical bistability, nonlinear optics [MSC 2020]$3VANC029030$2MF 610 $aCold Atoms$9KW:K 610 $aDisordered Bosons$9KW:K 610 $aExcited Bands of Optical Lattice$9KW:K 610 $aExotic Magnetism Models$9KW:K 610 $aOptical Lattices$9KW:K 610 $aOrbital Physics$9KW:K 610 $aQuantum Simulation of Disorder$9KW:K 610 $aQuantum Simulators$9KW:K 610 $aQuantum magnetism$9KW:K 620 $aCH$dCham$3VANL001889 700 1$aPinheiro$bFernanda$3VANV148147$0805589 712 $aSpringer $3VANV108073$4650 801 $aIT$bSOL$c20240614$gRICA 856 4 $uhttp://doi.org/10.1007/978-3-319-43464-3$zE-book ? Accesso al full-text attraverso riconoscimento IP di Ateneo, proxy e/o Shibboleth 899 $aBIBLIOTECA DEL DIPARTIMENTO DI MATEMATICA E FISICA$1IT-CE0120$2VAN08 912 $fN 912 $aVAN0164458 950 $aBIBLIOTECA DEL DIPARTIMENTO DI MATEMATICA E FISICA$d08CONS e-book 2785 $e08eMF2785 20210623 996 $aMulti-species Systems in Optical Lattices : from Orbital Physics in Excited Bands to Effects of Disorder$91808146 997 $aUNICAMPANIA LEADER 02479nam0 22004933i 450 001 VAN00286061 005 20250404112029.342 017 70$2N$a9783031219283 100 $a20250203d2023 |0itac50 ba 101 $aeng 102 $aCH 105 $a|||| ||||| 181 $ai$b e 182 $ab 183 $acr 200 1 $aFermions and Anomalies in Quantum Field Theories$fLoriano Bonora 210 $aCham$cSpringer$d2023 215 $axxi, 473 p.$cill.$d24 cm 410 1$1001VAN00065528$12001 $aTheoretical and mathematical physics$1210 $aBerlin [etc.]$cSpringer$d2006- 606 $a81-XX$xQuantum theory [MSC 2020]$3VANC019967$2MF 606 $a81T15$xPerturbative methods of renormalization applied to problems in quantum field theory [MSC 2020]$3VANC034035$2MF 606 $a81T16$xNonperturbative methods of renormalization applied to problems in quantum field theory [MSC 2020]$3VANC023590$2MF 606 $a81T30$xString and superstring theories; other extended objects (e.g., branes) in quantum field theory [MSC 2020]$3VANC021514$2MF 606 $a81T40$xTwo-dimensional field theories, conformal field theories, etc. in quantum mechanics [MSC 2020]$3VANC023981$2MF 606 $a81T45$xTopological field theories in quantum mechanics [MSC 2020]$3VANC031448$2MF 606 $a81T50$xAnomalies in quantum field theory [MSC 2020]$3VANC036806$2MF 606 $a81T60$xSupersymmetric field theories in quantum mechanics [MSC 2020]$3VANC034036$2MF 610 $aABJ anomalies$9KW:K 610 $aBRST Symmetry$9KW:K 610 $aFamily?s index theorem$9KW:K 610 $aTarget space anomalies$9KW:K 610 $aWess-Zumino consistency conditions$9KW:K 610 $aWorld-sheet anomalies of the string$9KW:K 620 $aCH$dCham$3VANL001889 700 1$aBonora$bLoriano$3VANV240051$01381721 712 $aSpringer $3VANV108073$4650 801 $aIT$bSOL$c20250411$gRICA 856 4 $uhttps://doi.org/10.1007/978-3-031-21928-3$zE-book ? Accesso al full-text attraverso riconoscimento IP di Ateneo, proxy e/o Shibboleth 899 $aBIBLIOTECA DEL DIPARTIMENTO DI MATEMATICA E FISICA$1IT-CE0120$2VAN08 912 $fN 912 $aVAN00286061 950 $aBIBLIOTECA DEL DIPARTIMENTO DI MATEMATICA E FISICA$d08DLOAD e-Book 10525 $e08eMF10525 20250212 996 $aFermions and anomalies in quantum field theories$93424572 997 $aUNICAMPANIA LEADER 02647nam 2200661un 450 001 9910974933803321 005 20200520144314.0 010 $a0-19-772194-X 010 $a1-280-60546-4 010 $a0-19-536249-7 024 7 $a10.1093/oso/9780195063653.001.0001 035 $a(CKB)1000000000405490 035 $a(EBL)430694 035 $a(OCoLC)252617903 035 $a(SSID)ssj0000189129 035 $a(PQKBManifestationID)11181233 035 $a(PQKBTitleCode)TC0000189129 035 $a(PQKBWorkID)10156180 035 $a(PQKB)11517014 035 $a(Au-PeEL)EBL430694 035 $a(CaPaEBR)ebr10278931 035 $a(CaONFJC)MIL60546 035 $a(MiAaPQ)EBC430694 035 $a(OCoLC)1406786197 035 $a(StDuBDS)9780197721940 035 $a(EXLCZ)991000000000405490 100 $a19910409e20231990 uy | 101 0 $aeng 135 $aur|n|---||||| 181 $ctxt$2rdacontent 182 $cc$2rdamedia 183 $acr$2rdacarrier 200 10$aLanguage variation in South Asia /$fWilliam Bright 205 $a1st ed. 210 1$aNew York ;$cOxford University Press,$d2023. 215 $a1 online resource (186 pages) $cillustrations 225 1 $aOxford scholarship online 300 $aBibliography:p149-161.-Includes index. 300 $aPreviously issued in print: 1990. 311 0 $a0-19-506365-1 320 $aIncludes bibliographical references (p. 149-161) and index. 327 $aContents; 1. Linguistic Change in Some Indian Caste Dialects; 2. Sociolinguistic Variation and Language Change with A. K. Ramanujan; 3. Dravidian Metaphony; 4. Language, Social Stratification, and Cognitive Orientation; 5. Complex Verb Forms in Colloquial Tamil with J. Lindenfeld; 6. Phonological Rules in Literary and Colloquial Kannada; 7. Hindi Numerals; 8. The Dravidian Enunciative Vowel; 9. How Not to Decipher the Indus Valley Inscriptions; 10. Archaeology, Linguistics, and Ancient Dravidian; 11. Written and Spoken Language in South Asia; Bibliography; Index 330 8 $aThis volume contains 12 essays on the languages of South Asia, written by a leading authority on the subject. 410 0$aOxford scholarship online. 606 $aDravidian languages$xVariation 607 $aSouth Asia$xLanguages$xVariation 615 0$aDravidian languages$xVariation. 676 $a494.8 676 $a494/.8 700 $aBright$b William$f1928-2006,$0131131 801 0$bUk 801 1$bUk 801 2$bStDuBDSZ 801 2$bStDuBDSZ 906 $aBOOK 912 $a9910974933803321 996 $aLanguage variation in South Asia$94524355 997 $aUNINA